Poznatky z kontroly ekonomickej účinnosti dotácií v PPoK
Kontrola a analýza ekonomickej účinnosti poskytovania dotácií pre PPoK v r. 1993 vo vybraných okresoch Slovenska. Kontrola poskytovania dotácií na úrovni regionálnych pozemkových a informačných služieb (RPIS) MP SR. Poznatky z využívania dotácií vo vybraných podnikateľských subjektoch v PPoK SR. Záv...
Salvato in:
| Autore principale: | |
|---|---|
| Natura: | Capitolo di libro |
| Lingua: | slovacco |
| Soggetti: | |
| Tags: |
Nessun Tag, puoi essere il primo ad aggiungerne!!
|
MARC
| LEADER | 00000naa a2200000 4500 | ||
|---|---|---|---|
| 001 | r023750 | ||
| 005 | 20221205085808.5 | ||
| 041 | 0 | |a slo | |
| 044 | |a SK | ||
| 245 | 1 | 0 | |a Poznatky z kontroly ekonomickej účinnosti dotácií v PPoK |c Helena Solíková |
| 520 | |a Kontrola a analýza ekonomickej účinnosti poskytovania dotácií pre PPoK v r. 1993 vo vybraných okresoch Slovenska. Kontrola poskytovania dotácií na úrovni regionálnych pozemkových a informačných služieb (RPIS) MP SR. Poznatky z využívania dotácií vo vybraných podnikateľských subjektoch v PPoK SR. Závery z vykonanej kontroly. | ||
| 610 | 2 | 0 | |a dotácie |
| 610 | 2 | 0 | |a komplex poľnohospodársko-potravinársky |
| 610 | 2 | 0 | |a kontrola |
| 610 | 2 | 0 | |a podnik poľnohospodársky |
| 610 | 2 | 0 | |a Slovensko |
| 610 | 2 | 0 | |a 1993 |
| 100 | 1 | |a Solíková, Helena | |